Blue nippon: Authenticating jazz in Japan (Record no. 1319371)

MARC details
000 -LEADER
fixed length control field 00590nam a2200205Ia 4500
005 - DATE AND TIME OF LATEST TRANSACTION
control field 20250507130400.0
008 - FIXED-LENGTH DATA ELEMENTS--GENERAL INFORMATION
fixed length control field 008 250505s9999 xx 000 0 eng d
020 ## - INTERNATIONAL STANDARD BOOK NUMBER
International Standard Book Number 9780822327219
037 ## - SOURCE OF ACQUISITION
Stock number Annuals, Advances
040 ## - CATALOGING SOURCE
Original cataloging agency EASL
Language of cataloging eng
Transcribing agency EASL
041 ## - LANGUAGE CODE
Language code of text/sound track or separate title eng
Source of code eng
084 ## - COLON CLASSIFICATION NUMBER
Classification number NR42,N9, P1
Assigning agency EASL
100 ## - MAIN ENTRY--PERSONAL NAME
Personal name Atkins E. Taylor Au.
9 (RLIN) 755305
245 #0 - TITLE STATEMENT
Title Blue nippon: Authenticating jazz in Japan
250 ## - EDITION STATEMENT
Edition statement `
260 ## - PUBLICATION, DISTRIBUTION, ETC.
Place of publication, distribution, etc. USA
Name of publisher, distributor, etc. Durham Duke University Press
Date of publication, distribution, etc. 2001
300 ## - PHYSICAL DESCRIPTION
Extent 366p.
942 ## - ADDED ENTRY ELEMENTS (KOHA)
Koha item type Textual
Classification part NR42,N9, P1

No items available.

Copyright @ Delhi University Library System